| Tag |
First Indicator |
Second Indicator |
Subfields |
| LEADER |
00000cam a2200000zi 4500 |
| 001 |
in00003536780 |
| 006 |
m o d |
| 007 |
cr cnu|||unuuu |
| 008 |
150501s2015 ne o 000 0 eng d |
| 005 |
20250816222348.9 |
| 020 |
|
|
|a 9780444594624
|q electronic bk.
|
| 020 |
|
|
|a 0444594620
|q electronic bk.
|
| 020 |
|
|
|z 9780444594334
|
| 035 |
|
|
|a (NhCcYBP)ebr11049159
|
| 040 |
|
|
|a NhCcYBP
|c NhCcYBP
|d UtOrBLW
|
| 050 |
|
4 |
|a QD421
|b .A73 2015
|
| 060 |
|
4 |
|a QU 34
|
| 082 |
0 |
4 |
|a 572/.549
|2 23
|
| 100 |
1 |
|
|a Aniszewski, Tadeusz.
|
| 245 |
1 |
0 |
|a Alkaloids :
|b Chemistry, Biology, Ecology, and Applications /
|c by Dr. Tadeusz Anszewski.
|
| 250 |
|
|
|a Second edition.
|
| 264 |
|
1 |
|a Amsterdam :
|b Elsevier Ltd.,
|c 2015.
|
| 300 |
|
|
|a 1 online resource.
|
| 336 |
|
|
|a text
|b txt
|2 rdacontent
|
| 337 |
|
|
|a computer
|b c
|2 rdamedia
|
| 338 |
|
|
|a online resource
|b cr
|2 rdacarrier
|
| 588 |
|
|
|a Description based on online resource; title from digital title page (viewed on May 01, 2015).
|
| 500 |
|
|
|a Electronic resource.
|
| 650 |
|
0 |
|a Alkaloids.
|
| 650 |
|
2 |
|a Alkaloids.
|
| 655 |
|
7 |
|a Electronic books.
|2 local
|
| 710 |
2 |
|
|a ebrary, Inc.
|
| 856 |
4 |
1 |
|u https://ebookcentral.proquest.com/lib/tamucs/detail.action?docID=2036171
|y Connect to the full text of this electronic book
|t 0
|
| 945 |
|
|
|a machinegen
|
| 955 |
|
|
|a YBP purchased firm e-records
|
| 980 |
|
|
|b 282.00
|g 1
|
| 987 |
|
|
|a ybp12403110
|
| 999 |
f |
f |
|s 882badcd-029e-3367-a789-3dcda78a2bee
|i 014d00fb-4c8d-343b-8e19-878c5faee53a
|t 0
|
| 999 |
|
|
|a MARS
|
| 952 |
f |
f |
|a Texas A&M University
|b College Station
|c Electronic Resources
|d Available Online
|t 0
|e QD421 .A73 2015
|h Library of Congress classification
|
| 998 |
f |
f |
|a QD421 .A73 2015
|t 0
|l Available Online
|